00357cam a22001217a 4500008004000000082001800040100001400058245005600072260003200128300001300160650003100173650003100204180718b1970 xxu||||| |||| 00| 0 eng d aB811x54 R211t aRay, Amal aTension areas in India's federal systemcby Aml Ray aCalcuttabWorld Pressc1970 aix, 160p aState governments --India. aFederal government --India